00561nam a2200181Ia 4500003000400000008004100004040001600045082002300061100003900084245005600123700003200179260005900211300001000270490003500280650001900315650001500334650003000349GCL140319s9999 xx 000 0 ara d aGCL / cGCL04aطb813.088bع ا1 aمحمود التهامى (رسم)10aالخالق / cمحمود التهامى (رسم)1 aعبدالتواب يوسف a[S.N] : bدار الرائد العربى ، c1985 a16 ص aايمان المسلمينv004aالاطفال04aالقصص04aالقصص الدينية